00761cam a22002171a 4500001001300000003000400013005001700017008004100034010001700075035001900092040004800111050002600159082002400185100003400209245010200243260003800345300003100383490007800414650003400492999001700526e 33001198 DLC20260227111224.0830622s1933 dcua f000 0 eng c ae 33001198  a(OCoLC)9632181 aU.S. Off. of Educ. LibrarycABAUdABAUdDLC00aL111b.A6 1933, no. 5 a371.9740975a370.611 aCaliver, Ambrose,d1894-1962.10aRural elementary education among Negroes under Jeanes supervising teachers /cby Ambrose Caliver. aWashington :bU.S. G.P.O.,c1933. av, 57 p. :bill. ;c23 cm.0 aBulletin / U.S. Dept. of the Interior, Office of Education ;v1933, no. 5 0aAfrican AmericansxEducation. c21334d21334